000 00580ntaaa2200217 4500
003 01
005 20251027202450.0
008 0714s1973 ag 01
040 _aAR-BaBN
_bspa
_cAR-BaBN
_eaacr
_dRIC
082 _a266.5000 B35
100 _aBeach, H. P.
_923553
245 _aPríncipes de piedad
250 _a1 ed. :
_bEditorial Verdad,
_cn.f.
300 _a140 p.
650 _aRoberto Morrison
_923554
650 _aJ. K. MacKenzie
_923555
650 _aS. Gilmore
_923556
650 _aJuan Livingstone Nevius
_923557
650 _aJorge Leslie Mackay
_923558
942 _cBK
999 _c19665
_d19665